|
|
|
|
| LEADER |
00876nam a2200229 a 4500 |
| 001 |
4508775 |
| 008 |
100328s1999 njua b 001 0 eng d |
| 010 |
|
|
|a 98045633
|
| 020 |
|
|
|a 0130803294 (pbk.)
|
| 040 |
|
|
|a DLC
|c DLC
|d DLC
|d DB-DhAAL
|
| 082 |
0 |
0 |
|a 658.3
|2 21
|
| 100 |
1 |
|
|a Dessler, Gary,
|d 1942-
|
| 245 |
1 |
0 |
|a Essentials of human resource management /
|c Gary Dessler.
|
| 246 |
3 |
0 |
|a Human resource management
|
| 260 |
|
|
|a Upper Saddle River, N.J. :
|b Prentice Hall,
|c c1999.
|
| 300 |
|
|
|a xiv, 298 p. :
|b ill. ;
|c 24 cm.
|
| 504 |
|
|
|a Includes bibliographical references and index.
|
| 541 |
1 |
|
|e 00014826
|
| 650 |
|
0 |
|a Personnel management.
|
| 852 |
4 |
|
|a Ayesha Abed Library
|j General Shelf.
|
| 999 |
|
|
|c 7888
|d 7888
|
| 952 |
|
|
|0 0
|1 0
|2 ddc
|4 0
|6 658_300000000000000_DES_1999
|7 0
|9 8821
|a BRACUL
|b BRACUL
|c GEN
|d 2010-03-28
|l 17
|m 142
|o 658.3 DES
|p 3010014826
|r 2025-01-19
|s 2024-11-03
|t 1
|w 2010-03-28
|y BK
|